Dret processal penal d'Andorra estudi histṛic i dret vigent : 1991 /

Bibliographic Details
Main Author: Sabater i Toms̉, Antoni
Format: Unknown
Language:Catalan
Published: Andorra la Vella : Promocions literr̉ies, 1991
Subjects:
Online Access:Acceso restringido

MARC

LEADER 00000ny a22000003n 4500
005 20110520134929.0
008 990617s1991 an s 000 0 cat c
017 |a AND272-1990 
035 |a 1211 
040 |a UMA.RE  |d vlex 
080 |a 343.1(467.2) 
090 |c 113  |d 113 
100 1 |a Sabater i Toms̉, Antoni 
245 1 0 |a Dret processal penal d'Andorra  |h [Recurso electrn̤ico]  |b estudi histṛic i dret vigent : 1991 /  |c Antoni Sabater i Toms̉ 
256 |a Servicio en ln̕ea 
260 |a Andorra la Vella :  |b Promocions literr̉ies,  |c 1991 
300 |a v. 
506 1 |a Contenido solo disponible en los productos indicados  |d vLex Global  |d vLex Global (Academic Edition, excluding Law Schools)  |d vLex Global (U.S. Academic Edition, Law Schools)  |d vLex Global (U.S. Academic Edition, excluding Law Schools)  |d vLex Global (Academic Edition, Law Schools) 
650 0 4 |a Procedimiento penal  |z Andorra 
740 0 |a vLex Libros (Servicios en ln̕ea) 
856 4 0 |z Acceso restringido  |u http://vlex.com/source/dret-processal-penal-andorra-1211 
942 |c BOOK 
999 0 4 |a Criminal procedure  |z Andorra. 
999 0 4 |a Libros electrn̤icos.